000 00630nam a2200229 i 4500
001 bgj
100 1 _aDICKENS, Charles
_d(1812-1870)
245 1 0 _aDavid Copperfield /
_cby Charles Dickens ; illustrations by "Phiz".
260 _aNew York :
_bThe Modern Library,
_ccop.1950.
300 _aXVII, 923 pp :
_bill. ;
_c19 cm.
650 9 _aOrphans
650 9 _aComing of age
651 9 _aEngland
651 9 _aEngland
_y19th century
651 9 _aGreat Britain
_y19th century
651 9 _aRecitations
655 _aFiction
040 _cBPK
041 0 _aeng
942 _cKS
008 s uk f |000 0 eng
999 _c48540
_d48540
856 _uhttp://koha.tu.koszalin.pl/cgi-bin/koha/opac-detail.pl?biblionumber=48540
_yKatalog online BPK